[Event "47th GER-ch Blitz 2020"]
[Site "Magdeburg"]
[Date "2020.08.15"]
[Round "9.15"]
[White "Siebarth, Raiko"]
[Black "Hess, Max"]
[Result "0-1"]
[WhiteElo "2333"]
[BlackElo "2378"]
[Annotator "RC"]
[PlyCount "42"]
[EventDate "2020.07.28"]
[EventType "tourn"]
[EventCountry "GER"]
[SourceTitle "playchess.com"]
[Source "ChessBase"]
[SourceQuality "1"]
[TimeControl "180+2"]

1. e4 {[%emt 0:00:00]} c5 {[%emt 0:00:00]} 2. Nc3 {[%emt 0:00:01]} a6 {[%emt 0:00:00]} 3. Nge2 {[%emt 0:00:02]} Nc6 {[%emt 0:00:09]} 4. g3 {[%emt 0:00:01]} b5 {[%emt 0:00:03]} 5. d4 {[%emt 0:00:01]} cxd4 {[%emt 0:00:06]} 6. Nxd4 {[%emt 0:00:01]} Bb7 {[%emt 0:00:03]} 7. Bg2 {[%emt 0:00:02]} e6 {[%emt 0:00:04]} 8. O-O {[%emt 0:00:04]} Qc7 {[%emt 0:00:21]} 9. a3 {[%emt 0:00:04]} Nf6 {[%emt 0:00:02]} 10. Be3 {[%emt 0:00:03]} Be7 {[%emt 0:00:05]} 11. Qe2 {[%emt 0:00:14]} Ne5 {[%emt 0:00:11]} 12. Bf4 {[%emt 0:00:04]} d6 {[%emt 0:00:03]} 13. Rfe1 {[%emt 0:00:31]} O-O {[%emt 0:00:09]} 14. Rad1 {[%emt 0:00:04]} Nc4 {[%emt 0:00:03]} 15. e5 {[%emt 0:00:12]} dxe5 {[%emt 0:00:06]} 16. Bxe5 {[%emt 0:00:03]} Nxe5 {[%emt 0:00:03]} 17. Qxe5 {[%emt 0:00:01]} Qxe5 {[%emt 0:00:04]} 18. Rxe5 {[%emt 0:00:01]} Bxg2 {[%emt 0:00:02]} 19. Kxg2 {[%emt 0:00:01]} Rac8 {[%emt 0:00:11]} 20. Rd3 {[%emt 0:00:03]} Rfd8 {[%emt 0:00:07]} 21. Nc6 {[%emt 0:00:06]} Rxc6 {[%emt 0:00:05]} 0-1

[Event "47th GER-ch Blitz 2020"]
[Site "Magdeburg"]
[Date "2020.08.15"]
[Round "10.1"]
[White "Donchenko, Alexander"]
[Black "Hess, Max"]
[Result "1-0"]
[WhiteElo "2646"]
[BlackElo "2378"]
[Annotator "TA"]
[PlyCount "59"]
[EventDate "2020.07.28"]
[EventType "tourn"]
[EventCountry "GER"]
[SourceTitle "playchess.com"]
[Source "ChessBase"]
[SourceQuality "1"]

{[%evp 18,59,55,14,22,13,10,0,35,25,36,31,49,8,48,30,42,30,20,31,38,30,40,41,49,48,62,35,38,0,167,173,207,213,257,262,269,259,421,421,419,419,420,387]} 1. Nf3 Nf6 2. g3 g6 3. Bg2 Bg7 4. O-O O-O 5. d4 d6 6. b3 c5 7. c4 Nc6 8. Bb2 Bf5 9. Nc3 Ne4 10. e3 Nxc3 {A38: Symmetrical English vs ...g6: 4 Bg2 Bg7 5 Nf3 Nf6.} 11. Bxc3 Be4 12. Qd2 cxd4 {The position is equal.} 13. Nxd4 Bxg2 14. Kxg2 {[#]} Qb6 $146 ({Predecessor:} 14... Qc8 15. Rac1 b6 16. Ne2 Qb7 17. f3 Ne5 18. Qd5 Qa6 19. a4 Rfd8 20. Rfd1 Rac8 {1-0 (55) Roiz,M (2611)-Gurevich,D (2507) Rishon Le Ziyyon 2006}) 15. Rad1 Rac8 16. h4 h5 17. Nf3 Bxc3 18. Qxc3 Qa5 19. Qb2 a6 20. Rd5 Qc7 21. Rfd1 Nb4 22. R5d2 b5 23. Qa3 a5 $2 {[#]} (23... Qc5 $11 {and Black has nothing to worry.}) 24. cxb5 $18 Qb6 25. Qa4 Rc5 26. a3 Nc2 27. b4 axb4 $2 {[#]} (27... Nxe3+ 28. fxe3 axb4 29. Qxb4 Rxb5) 28. Rxc2 Rxc2 29. Qxc2 bxa3 30. Qa4 {Accuracy: White = 65%, Black = 63%.} 1-0

[Event "47th GER-ch Blitz 2020"]
[Site "Magdeburg"]
[Date "2020.08.15"]
[Round "10.2"]
[White "Kopylov, Michael"]
[Black "Siebarth, Raiko"]
[Result "1-0"]
[WhiteElo "2407"]
[BlackElo "2333"]
[Annotator "TA"]
[PlyCount "93"]
[EventDate "2020.07.28"]
[EventType "tourn"]
[EventCountry "GER"]
[SourceTitle "playchess.com"]
[Source "ChessBase"]
[SourceQuality "1"]

{[%evp 14,93,48,41,20,29,45,27,39,30,38,43,39,37,96,105,137,102,105,108,119,91,93,100,150,113,174,21,108,97,105,70,136,114,107,115,175,171,248,208,208,198,200,208,186,179,232,148,168,159,125,154,281,277,248,210,271,216,198,197,256,109,427,422,522,500,629,592,818,816,781,721,815,758,1132,1126,2066,1920,29946,6308,29975,7543]} 1. d4 Nf6 2. c4 g6 3. g3 Bg7 4. Bg2 O-O 5. Nf3 d6 6. O-O Nc6 7. Nc3 a6 8. Bf4 {8.b3 gains popularity.} Rb8 {E63: King's Indian: Fianchetto: Panno Variation with 7...a6.} 9. Rc1 {[%cal Ba1c1,Bc1c4,Bc4a4][%mdl 32]} Bd7 10. Qd2 b5 {White has an edge.} 11. Nd5 bxc4 12. Nxf6+ Bxf6 13. Rxc4 {13.Bh6 is not played anymore.} Na7 (13... e5 $14 14. Bh6 Re8) 14. Rfc1 $16 {[#]} c6 $146 ({Predecessor:} 14... c5 15. dxc5 Rxb2 16. R4c2 Rxc2 17. Qxc2 dxc5 18. Qxc5 Nb5 19. Ne5 Be8 20. Be3 Qd6 {1-0 (61) Maletin,P (2581)-Gogin,M (2220) St Petersburg 2015}) 15. b3 Be6 16. Ra4 Qb6 17. e4 Nb5 18. Be3 d5 19. Ne5 Rfc8 (19... Bxe5 $16 20. dxe5 d4) 20. Qa5 $2 ({White should play} 20. Nd3 $18) 20... Bxe5 (20... Qxa5 $11 {remains equal.} 21. Rxa5 c5 22. exd5 cxd4 23. dxe6 dxe3) 21. Qxb6 Rxb6 22. dxe5 Rbb8 ({Better is} 22... d4 $1 $14 23. Bxd4 Nxd4 24. Rxd4 c5) 23. Rxa6 d4 24. Bd2 c5 (24... d3 $16) 25. Bf1 $18 Bd7 (25... d3 $142) 26. Bc4 Nc7 27. Ra7 {[#] Ba5 is the strong threat.} Ra8 28. Rxa8 Rxa8 29. a4 Be6 (29... Kf8 $142 30. f3 Rb8) 30. Kf1 Rb8 31. Ke2 Bxc4+ 32. Rxc4 {Black must now prevent b4.} Rxb3 (32... Na6 $16 {was necessary.}) 33. Rxc5 $16 {[%mdl 4096] Endgame KRB-KRN} Ne6 34. Rd5 g5 35. h3 Ra3 {[#]} 36. a5 $1 Kg7 (36... Kf8 $142 37. f4 gxf4) 37. f4 (37. Bb4 $18 {and White stays clearly on top.} Ra2+ 38. Kd3) 37... gxf4 $2 {[%mdl 8192] This costs Black the game.} (37... Rxg3 $16 {is more resistant.} 38. a6 Nxf4+ 39. Bxf4 gxf4) 38. gxf4 $18 Rxh3 39. f5 Nc7 40. Rxd4 Ra3 41. Rd7 Nb5 42. Rxe7 Nd4+ 43. Kf2 Ra2 44. Ke3 Nb3 45. Bc3 Kf8 46. Ra7 {Threatening mate with f6.} Nc5 47. Bb4 {Accuracy: White = 64%, Black = 29%.} 1-0

[Event "47th GER-ch Blitz 2020"]
[Site "Magdeburg"]
[Date "2020.08.15"]
[Round "10.3"]
[White "Berger, Steve"]
[Black "Schneider, Ilja"]
[Result "0-1"]
[WhiteElo "2408"]
[BlackElo "2479"]
[Annotator "TA"]
[PlyCount "88"]
[EventDate "2020.07.28"]
[EventType "tourn"]
[EventCountry "GER"]
[SourceTitle "playchess.com"]
[Source "ChessBase"]
[SourceQuality "1"]

{[%evp 9,88,68,126,106,123,115,122,112,116,109,91,101,125,74,75,75,103,76,97,63,70,41,42,40,43,44,51,26,21,18,41,0,0,-46,-45,-50,-52,-64,-57,-65,-63,-68,-62,-60,-37,-8,-13,-42,-39,-39,0,0,0,-16,0,0,0,-8,-8,-79,-79,-96,0,0,0,0,0,0,0,-233,-233,-463,-333,-559,-314,-658,-568,-545,-418,-423,-364]} 1. e4 Nc6 2. Nf3 f5 3. exf5 d5 4. Bb5 Bxf5 5. Ne5 Qd6 ({Black should play} 5... Bd7 $1 $14 6. Bxc6 Bxc6) 6. d4 $16 {B00: Queen's Fianchetto Defence, Nimzowitsch Defence.} Nf6 7. O-O Nd7 8. Bxc6 {White is better.} bxc6 9. Bf4 Nxe5 10. Bxe5 Qd7 {[#]} 11. Re1 $146 (11. c4 $142) ({Predecessor:} 11. Nd2 e6 12. Re1 Bd6 13. c3 c5 14. Nb3 cxd4 15. Bxd6 cxd6 16. Nxd4 O-O 17. Re3 {1-0 (42) Guseinov,G (2602)-Teske,H (2542) Marrakesh 2010}) 11... e6 12. c4 dxc4 13. Qa4 Bd6 14. Qxc4 O-O 15. Bxd6 cxd6 16. Nc3 Rac8 17. Rad1 Qb7 18. b4 Qb6 19. a3 a5 20. bxa5 Qxa5 21. h3 (21. Ne4 $5 {[%cal Re4d6]}) 21... c5 22. d5 e5 23. a4 Qb4 24. Qxb4 cxb4 25. Nb5 Rfd8 {aiming for ...Bc2.} 26. Na7 $1 Rc7 27. Nc6 $36 {[%mdl 2048] White has some pressure.} Ra8 {[#] ...b3 is the strong threat.} 28. Nxb4 (28. f4 $5) 28... Rxa4 29. Nc6 Be4 30. f3 Bc2 31. Ra1 Rxa1 32. Rxa1 $11 {[%mdl 4096] Endgame KRB-KRN} Bb3 33. Ra8+ Kf7 34. Nd8+ (34. Nb4 $11 {remains equal.}) 34... Kf6 $17 35. Ra5 Rc5 (35... Bc4 $17 36. Ne6 Rb7) 36. Rxc5 $11 dxc5 {KB-KN} 37. Nb7 {next d6 is good for White.} c4 {[#] Strongly threatening ...c3.} 38. Kf2 c3 {Hoping for ...c2.} 39. Ke3 $2 (39. d6 $11 {and White is okay.} Ba4 40. Ke3) 39... Bxd5 $19 40. Nc5 $2 (40. Nd6) 40... Kf5 41. h4 $2 (41. Nd3) 41... c2 42. g4+ $2 (42. Nd3) 42... Kf6 43. Nd3 Bc4 {White must now prevent ...Bxd3.} 44. Nc1 Bb5 {Accuracy: White = 50%, Black = 78%.} 0-1

[Event "47th GER-ch Blitz 2020"]
[Site "Magdeburg"]
[Date "2020.08.15"]
[Round "10.4"]
[White "Schoewel, Matthias"]
[Black "Svane, Frederik"]
[Result "0-1"]
[WhiteElo "2218"]
[BlackElo "2421"]
[Annotator "TA"]
[PlyCount "96"]
[EventDate "2020.07.28"]
[EventType "tourn"]
[EventCountry "GER"]
[SourceTitle "playchess.com"]
[Source "ChessBase"]
[SourceQuality "1"]

{[%evp 9,96,5,8,-15,-11,-35,-35,-32,-40,-55,-56,-56,-54,-54,-58,-78,-76,-73,-6,-17,-12,0,18,-8,-4,-30,-28,-35,-35,-35,-38,-35,0,0,0,0,0,-11,0,-14,0,-21,-10,-22,-11,-57,-45,-50,70,-57,0,-51,-46,-107,-107,-96,-107,-227,-239,-231,-245,-328,-274,-29955,-29950,-2390,-869,-670,-367,-1647,-1568,-1462,-1451,-1092,-610,-2143,-596,-571,-543,-712,-669,-664,-594,-1066,-723,-29986,-29987,-29997,-29998]} 1. e4 c5 2. Nf3 g6 3. Nc3 Bg7 4. d3 Nc6 5. Be3 d6 6. Qd2 {B30: Sicilian: 2...Nc6 3 Bb5, lines without ...g6.} e5 7. Be2 h6 {[#]} 8. O-O $146 {Black is slightly better.} ({Predecessor:} 8. Nd5 Nge7 9. Nxe7 Qxe7 10. c4 f5 11. Qc2 f4 12. Bd2 g5 13. Bc3 g4 14. Nd2 {0-1 (37) Valkama,J-Hillilae,E Finland 1986}) 8... Nge7 9. Nd5 Nxd5 10. exd5 Ne7 11. c4 f5 12. Qc2 g5 13. Ne1 f4 (13... O-O $17) 14. Bh5+ $11 Kf8 15. Bd2 Nf5 16. Qd1 Bf6 17. Rb1 (17. b4 {is more complex.} b6 18. bxc5 bxc5 19. Rb1 Ng7 20. Bg6) 17... Ng7 18. Bg4 Bxg4 19. Qxg4 h5 20. Qe2 Qd7 21. b4 b6 22. bxc5 bxc5 23. Rb5 Kf7 24. Nc2 Rab8 25. Rfb1 Rxb5 26. Rxb5 g4 27. Ne1 Nf5 $36 {[%mdl 2048] [#] aiming for ...Nd4. Black fights for an advantage.} 28. Bc3 f3 (28... Qc8 $15) 29. Qb2 (29. gxf3 $14 Re8 30. Rb1 (30. fxg4 Nd4 $11)) 29... Ne7 (29... Kg6 $15) 30. Bd2 ({White should try} 30. Rb7 $11 Qf5 31. Qb5) 30... Qf5 31. Be3 {White is on the road to losing.} (31. Qb1 $15) 31... h4 $17 32. Rb7 fxg2 33. Nxg2 (33. Kxg2 $17 g3 34. Qe2) 33... Qxd3 $19 {( -> ...Qd1+)} 34. Qc1 Qe4 35. Ne1 {[#]} g3 $1 {[%mdl 512] ...gxh2+ is the strong threat.} 36. fxg3 $2 (36. Qd1 $19) 36... hxg3 37. Rb2 gxh2+ (37... Nf5 $142 38. h4 Nxe3) 38. Rxh2 Rg8+ 39. Kf2 $2 (39. Rg2) 39... Bh4+ 40. Ke2 Bxe1 41. Qxe1 Qxc4+ 42. Kd2 Qxd5+ (42... Qxa2+ $142 43. Kc1 Qxh2 44. Qf1+ Kg7 45. Qg1+ Qxg1+ 46. Bxg1 Nxd5) 43. Kc1 Qc4+ 44. Kb1 Qd3+ 45. Ka1 Rb8 46. Rf2+ Ke6 {And now ...Nd5 would win.} 47. Bd2 Nd5 48. Qh1 Qd4+ {[%mdl 64] Double Attack. Accuracy: White = 39%, Black = 65%.} 0-1

[Event "47th GER-ch Blitz 2020"]
[Site "Magdeburg"]
[Date "2020.08.15"]
[Round "10.5"]
[White "Stein, Robert"]
[Black "Reichmann, Hendrik"]
[Result "1/2-1/2"]
[WhiteElo "2325"]
[BlackElo "2348"]
[Annotator "TA"]
[PlyCount "94"]
[EventDate "2020.07.28"]
[EventType "tourn"]
[EventCountry "GER"]
[SourceTitle "playchess.com"]
[Source "ChessBase"]
[SourceQuality "1"]

{[%evp 15,94,32,50,0,1,-41,-36,-41,54,3,0,-7,38,-21,-14,-20,0,-72,-48,-102,-10,-10,4,-54,-43,-55,-64,-60,-19,-11,-14,-17,-13,-44,0,0,0,0,0,11,32,-41,-47,-38,-17,-129,-131,-133,-141,-140,-133,-169,0,-11,0,-45,-4,-28,0,0,-8,-41,37,-122,0,0,0,0,0,0,0,0,0,0,0,0,0,0,0,0,0]} 1. d4 g6 2. c4 Bg7 3. g3 d6 4. Bg2 Nf6 5. Nf3 O-O 6. O-O c6 7. Nc3 Qa5 8. e4 e5 9. Be3 {E62: King's Indian: Fianchetto: 6...c6 and Panno Variation (6...Nc6) without ...a6.} Ng4 {[#]} 10. Bc1 $146 ({Predecessor:} 10. Bg5 exd4 11. Nxd4 Qxg5 {0-1 (11) Milsmann,R (1678)-Boehlich,D (1939) Germany 2016}) 10... exd4 11. Nxd4 {Black is slightly better.} Qc5 (11... Ne5 $1 $15) 12. Nb3 (12. Nde2 $14) 12... Qxc4 $11 13. Qxd6 Ne5 (13... a5 {looks sharper.} 14. Bf4 a4 15. Nd2 Qe6 16. Qa3 Re8) 14. Bh6 (14. f4 $14 Nd3 15. Rd1 Bxc3 16. bxc3 (16. Qxd3 Qxd3 17. Rxd3 Bg7 $14) (16. Rxd3 Bb4 $11) 16... Nxc1 17. Raxc1 (17. Rdxc1 Nd7 $16)) 14... Bxh6 15. Qxe5 Bg7 16. Qf4 (16. Qa5 $11) 16... Nd7 $17 17. Rac1 {[#]} (17. Qe3 $15) 17... Qe6 (17... Qb4 $1 $17) 18. Rfd1 Ne5 19. Nd4 (19. Qe3 $11) 19... Qe7 $15 20. Qe3 Rd8 21. Nce2 Ng4 22. Qb3 Re8 23. h3 Nf6 24. Nc3 Nd7 25. f4 Nc5 26. Qc2 Bd7 27. Kh2 h5 28. h4 ({White should try} 28. e5 $14) 28... Bg4 29. Rd2 Rad8 $36 {[%mdl 2048] Black is pushing.} 30. Nb3 (30. e5 $11 {remains equal.}) 30... Nxb3 $17 31. axb3 Rxd2 32. Qxd2 Rd8 33. Qf2 b6 $2 (33... Bd4 $19 34. Qf1 Qe6) 34. e5 $11 c5 35. Rc2 Be6 (35... f6 $5 {[%cal Rf6e5]} 36. Nd5 Qe6 37. Nxf6+ Bxf6 38. exf6 Qxf6 $15) 36. Ne4 Bxb3 37. Rd2 Be6 38. Nd6 f6 ({Better is} 38... Qc7 $15) 39. exf6 $2 (39. f5 $1 $14 gxf5 40. Nxf5) 39... Qxf6 ({Black should play} 39... Bxf6 $17 40. Ne4 Bd4) 40. Ne4 {The position is equal.} Qe7 41. Ng5 {[#] Threatens to win with Re2.} Rxd2 42. Qxd2 Bf5 43. Qd5+ Kh8 44. Nf7+ Kh7 45. Ng5+ Kh8 $1 46. Nf7+ Kh7 47. Ng5+ Kh8 $1 {Accuracy: White = 52%, Black = 66%.} 1/2-1/2

[Event "47th GER-ch Blitz 2020"]
[Site "Magdeburg"]
[Date "2020.08.15"]
[Round "10.6"]
[White "Krause, Benedict"]
[Black "Svane, Rasmus"]
[Result "1-0"]
[WhiteElo "2425"]
[BlackElo "2613"]
[Annotator "TA"]
[PlyCount "69"]
[EventDate "2020.07.28"]
[EventType "tourn"]
[EventCountry "GER"]
[SourceTitle "playchess.com"]
[Source "ChessBase"]
[SourceQuality "1"]

{[%evp 15,69,11,25,13,39,31,42,25,55,8,29,6,12,6,36,0,0,-32,0,0,0,-3,0,0,0,0,0,-5,10,-15,-15,-16,-16,-14,-9,-26,-27,-32,-32,-32,-32,-31,-27,-252,-245,-238,-224,-553,-547,-29983,-510,-29991,-29992,-29993,-1210,-1036]} 1. e4 c6 2. d4 d5 3. Nd2 dxe4 4. Nxe4 Nf6 5. Nxf6+ exf6 6. c3 Bd6 7. Bd3 O-O 8. Ne2 Re8 9. Qc2 {B15: Caro-Kann: 3 Nc3: 3...g6 and 3...dxe4 4 Nxe4 Nf6 5 Nxf6+ exf6.} h5 (9... f5 $5) 10. O-O h4 11. h3 {White is slightly better.} Nd7 {[%cal Bb8d7,Bd7f8,Bf8g6,Bg6e7,Be7d5,Bd5f4][%mdl 32]} 12. Bf4 Nf8 {aiming for ...Rxe2!} 13. Bxd6 (13. Bd2 {is more complex.} g6 14. Rae1 f5 15. Qc1 Ne6 16. Nf4) 13... Qxd6 14. Rae1 Be6 15. a3 Rad8 16. Qd2 Ng6 17. Qc2 Ne7 {[#]} 18. Rd1 $146 ({Predecessor:} 18. Kh1 c5 19. Rd1 f5 20. dxc5 Qxc5 21. Nd4 Bc8 22. Rfe1 g6 23. Qc1 {0-1 (38) Nasuta,G (2558)-Kosteniuk,A (2471) chess.com INT 2020}) 18... b5 19. a4 a6 20. axb5 axb5 21. Rfe1 Nd5 22. Nc1 Nf4 23. Bf1 g6 24. Nd3 Bf5 25. Rxe8+ Rxe8 26. Qd2 Bxd3 27. Bxd3 g5 28. Bf1 Qe6 29. g3 $2 {White does not recover from this.} (29. Qc2 $11) 29... hxg3 $19 ({Don't play} 29... Nxh3+ 30. Bxh3 (30. Kh2 $2 hxg3+ 31. fxg3 Kg7 $19) 30... Qxh3 31. Re1 $17) 30. fxg3 Nxh3+ 31. Kg2 $2 (31. Bxh3 {was the crucial defense.} Qxh3 32. Qf2) 31... g4 32. Bd3 Ng5 (32... Qd5+ $142 33. Kh2 Ng5 34. Rf1 Kg7 35. Qc2 Nf3+ 36. Rxf3 Qxf3 37. Qg2 Qxd3 38. Qf2 {[#]} Re2 $1 {[%mdl 512]} 39. Kg1 Rxf2 40. Kxf2 Qd2+ 41. Kg1 f5 42. b4 f4 43. Kf1 fxg3 44. Kg1 Qh2+ 45. Kf1 Qf2#) 33. Qf4 {[#]} (33. Kf1 $19 Qd5 34. Qg2) 33... Qd5+ 34. Kh2 Kg7 (34... Nf3+ $142 35. Qxf3 {[%mdl 64] Remove Defender} Qxf3 36. Rg1 Qxd3 37. b4 Qd2+ 38. Kh1 Kg7 39. Rb1 Qf2 40. Rg1 Rh8#) 35. Qxg4 {[%mdl 32768] Accuracy: White = 55%, Black = 69%. . Loss on time!?} 1-0

[Event "47th GER-ch Blitz 2020"]
[Site "Magdeburg"]
[Date "2020.08.15"]
[Round "10.7"]
[White "Muranyi, Karl-Jasmin"]
[Black "Koch, Thomas"]
[Result "0-1"]
[WhiteElo "2331"]
[BlackElo "2461"]
[Annotator "TA"]
[PlyCount "114"]
[EventDate "2020.07.28"]
[EventType "tourn"]
[EventCountry "GER"]
[SourceTitle "playchess.com"]
[Source "ChessBase"]
[SourceQuality "1"]

{[%evp 9,114,-7,-1,-5,0,-9,2,-21,-13,-32,-25,-43,-14,-51,-18,-44,5,-48,-42,-42,-35,-45,-29,-56,-56,-63,-33,-36,0,-34,-29,-22,0,0,0,-22,0,-37,-31,-36,26,-50,-50,-46,-39,-49,-41,-53,-40,-71,-32,-50,-7,-28,0,-25,0,-50,-46,-56,-12,-35,-34,-36,-45,-41,-14,-43,-17,-33,-42,-27,-18,-21,-21,-28,-36,-68,85,33,157,-518,-508,-491,-478,-470,-464,-460,-90,-418,-90,-90,-91,-337,-337,-584,-584,-1618,-1377,-2263,-2992,-2936,-2334,-2432,-1001,-846,-433]} 1. d4 Nf6 2. c3 e6 3. Bf4 d5 4. Nd2 Bd6 5. Bg3 c5 6. e3 {A45: Trompowsky Attack.} Qc7 7. Ngf3 Nbd7 {[#]} 8. a3 $146 {The position is equal.} ({Predecessor:} 8. Rc1 O-O 9. c4 b6 10. cxd5 exd5 11. Bb5 Bb7 12. O-O Rac8 13. dxc5 bxc5 14. Qa4 Bxg3 15. hxg3 {0-1 (37) Jumabayev,R (2646)-Vidit,S (2721) Moscow 2019}) 8... O-O 9. b4 c4 10. Qc2 Re8 11. Be2 a5 12. b5 a4 13. O-O ({White should play} 13. e4 $11 Nxe4 14. Nxe4 dxe4 15. Qxe4) 13... e5 14. dxe5 Nxe5 15. Nxe5 Bxe5 16. Nf3 Bxg3 17. hxg3 Bd7 18. Nd4 Qc5 19. Qb2 Ne4 20. Bf3 Nd6 {[%cal Rd6b5]} 21. Rfd1 Re5 22. Rab1 Ra5 23. b6 g6 24. Qb4 Qxb4 ({Black should try} 24... h5 $15) 25. Rxb4 (25. cxb4 $11 Ra6 26. Ne2) 25... h5 $15 26. Rdb1 Kf8 27. R1b2 Ke7 28. Rd2 Kf6 29. Ne2 Be6 30. Nd4 Ke7 31. Rd1 Kf8 32. Rdb1 (32. e4 $5) 32... Bd7 33. Rd1 Kg7 34. Rd2 Ra6 35. Rdb2 Kh6 36. Rb1 g5 37. Rc1 g4 38. Bd1 Ne4 39. Ne2 Nc5 {And now ...Nd3 would win.} 40. Bc2 Bf5 41. Bxf5 Rxf5 42. Nf4 Ne4 43. Rb5 Nf6 $2 (43... Rg5 $15) 44. Rd1 ({Better is} 44. f3 $1 $16) 44... Kg7 (44... Re5 $14) 45. Nxd5 $2 (45. f3 $1 $16 {is necessary to keep the advantage.}) 45... Rxd5 $19 46. Rdxd5 Nxd5 47. Rxd5 Rxb6 $16 {[%mdl 4096] Endgame KR-KR} 48. Rc5 Rb1+ 49. Kh2 {[#]} Rb3 $2 (49... b5 $1 $19 {White must now prevent ...Rb3.} 50. Rxh5 Rb3 {[%mdl 64] Double Attack}) 50. Rxc4 $17 Rxa3 {Threatens to win with ...Ra2.} 51. f3 $2 {[#]} (51. Rb4 $17) 51... b5 $1 $19 {[%cal Rb5c4,Bb7b5,Bb5b4,Bb4b3][%mdl 32]} 52. Rc5 $2 (52. Rc8) 52... Rb3 {Black is clearly winning.} 53. c4 b4 54. Ra5 a3 55. c5 Rc3 56. e4 Rxc5 (56... gxf3 $142 57. gxf3 Rc2+ 58. Kh3 a2) 57. Rxc5 b3 {Accuracy: White = 58%, Black = 54%.} 0-1

[Event "47th GER-ch Blitz 2020"]
[Site "Magdeburg"]
[Date "2020.08.15"]
[Round "10.8"]
[White "Braeuning, Rudolf Wilhelm"]
[Black "Meier, Georg"]
[Result "0-1"]
[WhiteElo "2244"]
[BlackElo "2621"]
[Annotator "TA"]
[PlyCount "123"]
[EventDate "2020.07.28"]
[EventType "tourn"]
[EventCountry "GER"]
[SourceTitle "playchess.com"]
[Source "ChessBase"]
[SourceQuality "1"]

{[%evp 11,123,25,25,16,33,-1,17,-1,0,0,0,0,0,-2,-10,-31,-10,-16,-20,-9,-6,-5,-8,-10,-9,-7,-5,-55,-18,-16,-31,-30,-25,-35,-31,-35,-26,-29,-2,-8,-11,-16,-7,-13,0,0,0,0,0,-123,-5,-12,-4,-13,-9,-30,-10,-19,0,-22,-2,-22,-22,-30,-31,-35,15,-29,-23,-23,-20,-33,-33,-70,-61,-72,-49,-104,-97,-169,-162,-189,-167,-287,-243,-216,-108,-108,-92,-90,-8,-70,0,-70,0,0,0,0,0,0,0,-70,-70,-949,-937,-914,-908,-1118,-857,-789,-477,-6431,-6427,-4926]} 1. e4 e6 2. d4 d5 3. Nd2 dxe4 4. Nxe4 Nd7 5. Bd3 Ngf6 6. Qe2 c5 7. Nf3 {C10: French with 3 Nc3: Unusual Black 3rd moves and 3...dxe4.} cxd4 8. Nxd4 Nxe4 9. Qxe4 {The position is equal.} Nc5 10. Bb5+ Bd7 11. Qe2 Be7 12. O-O O-O {[#]} 13. Bf4 $146 ({Predecessor:} 13. Bxd7 Nxd7 14. Be3 Bg5 15. Rad1 Bxe3 16. Qxe3 Qb6 17. Nxe6 fxe6 18. Rxd7 Qc6 19. Qd4 {1-0 (19) Mafra,K (2117)-Balbys,F (1576) Florianopolis 2017}) 13... Bxb5 14. Nxb5 Qb6 15. c3 a6 16. Nd4 Rfd8 17. Rad1 Bf6 18. Nf3 Qb5 19. Qc2 (19. Qxb5 {seems wilder.} axb5 20. a3 Na4 21. Bc1 Nb6 22. Rfe1) 19... Qa4 (19... Nd3 {is more complex.} 20. Bc1 h6 21. b3 Qf5 22. Be3 Nf4) 20. Qxa4 Nxa4 21. Bc1 b5 22. Rfe1 Kf8 23. Kf1 Ke8 24. Ke2 Rxd1 (24... a5 {looks sharper.} 25. g4 g6 26. g5 Bg7 27. Rxd8+ Rxd8 28. a3 Rc8) 25. Kxd1 Rc8 26. Ne5 Be7 27. f4 Bd6 28. g3 Ke7 29. Nd3 g6 30. Re4 {[#]} (30. Be3 $11 {remains equal.}) 30... h5 (30... Rxc3 $1 $17 {[%mdl 512]} 31. Re3 (31. bxc3 Nxc3+) 31... Rc6) 31. Kc2 Nb6 32. Re2 Nd5 33. a3 Kd7 34. Kb3 Nb6 35. Ne5+ Ke8 36. Nd3 a5 37. Ne5 a4+ 38. Kc2 Rd8 39. Nd3 Nc4 40. Be3 f6 41. Bd4 Kf7 42. Bf2 e5 43. fxe5 Bxe5 44. Nxe5+ ({White should try} 44. Ne1 $15) 44... fxe5 $15 {[%mdl 4096] Endgame KRB-KRN} 45. Bc5 (45. g4 $17) 45... Ke6 $19 46. Bb4 g5 47. Rf2 (47. h3 {was worth a try.}) 47... g4 48. Re2 Kf5 (48... Kd5 $19 49. Be7 Re8) 49. b3 $17 axb3+ 50. Kxb3 e4 (50... Nd2+ $17 51. Kc2 Nf3) 51. Bc5 ({White must play} 51. a4 $11) 51... Rc8 (51... Ke5 $1 $15 52. Bd4+ Rxd4 53. cxd4+ Kxd4) 52. Kb4 {[#]} (52. Rf2+ $11 Ke6 53. Bd4) 52... Nxa3 $1 {[%mdl 512]} 53. Rf2+ $11 (53. Kxa3 Rxc5) 53... Ke6 54. Bd4 Nc4 55. Rf6+ $1 Ke7 {Strongly threatening ...e3.} 56. Rh6 (56. Rf4 $11) 56... e3 $15 57. Ra6 $2 {[%mdl 8192] White does not recover from this.} (57. Bxe3 $15 Nxe3 58. Rxh5) 57... e2 $19 {Black is clearly winning.} 58. Ra1 Nb2 59. Kxb5 Nd3 60. Bf2 Rxc3 61. Bd4 (61. Ra2 $142 Nc1 62. Ra1) 61... Rc2 62. Rg1 {Accuracy: White = 64%, Black = 76%.} 0-1